000 00253nam a2200085Ia 4500
008 120527s9999 xx 000 0 und d
100 _aBPP Proffessional Educat.
245 _aFoundation Unit 4 AAT supplying informatioon for management control
942 _cBK
999 _c25784
_d25784